Electricity and magnetism : (Record no. 39248)

MARC details
000 -LEADER
fixed length control field 00753nam a22002177a 4500
005 - DATE AND TIME OF LATEST TRANSACTION
control field 20100804142240.0
010 ## - LCCN (DPL NO)
LC control number ENG-98051
020 ## - INTERNATIONAL STANDARD BOOK NUMBER
International Standard Book Number 9789380173894
Terms of availability 60.00
035 ## - SYSTEM CONTROL NUMBER
System control number EN-81584
037 ## - SOURCE OF ACQUISITION
Source of stock number/acquisition DBAD/PUB
082 ## - DEWEY DECIMAL CLASSIFICATION NUMBER
Classification number 537
100 ## - MAIN ENTRY--PERSONAL NAME
Personal name Madesh, M.
245 ## - TITLE STATEMENT
Title Electricity and magnetism :
Remainder of title syllabus based on periyar university /
Statement of responsibility, etc by M. Madesh
260 ## - PUBLICATION, DISTRIBUTION, ETC. (IMPRINT)
Place of publication, distribution, etc Thiruvarur (T. N.)
Name of publisher, distributor, etc Aruma Pathippagam
Date of publication, distribution, etc 2009
270 ## - ADDRESS
Address 35, Gandhi Colony Koradachery
City Thiruvarur (T. N.)
Postal code 613703
300 ## - PHYSICAL DESCRIPTION
Extent 178p.:
Other physical details ill.
Dimensions 20cm (pbk)
650 ## - SUBJECT ADDED ENTRY--TOPICAL TERM
Topical term or geographic name as entry element Electricity
650 ## - SUBJECT ADDED ENTRY--TOPICAL TERM
Topical term or geographic name as entry element Magnetism
942 ## - ADDED ENTRY ELEMENTS (KOHA)
Source of classification or shelving scheme Dewey Decimal Classification
Item type English Books
Classification part 537
Call number suffix MAD
Holdings
Withdrawn status Lost status Not for loan Collection code Home library Current library Date acquired Source of acquisition Cost, normal purchase price Full call number Barcode Copy number Cost, replacement price Koha item type
    Not For Loan Non-fiction D.B.Act.Division D.B.Act.Division 04/08/2010 DBAD/PUB 60.00 537 MAD EN-81584 1 60.00 English Books

© Delhi Public Library
Hit Counter
free hit counter